|
|
|
|
| LEADER |
01142nam a2200241 a 4500 |
| 001 |
4924021 |
| 008 |
090519s1996 caua b 001 0 eng d |
| 020 |
|
|
|a 0787901504 (alk. paper)
|
| 040 |
|
|
|a DLC
|c DLC
|d DL
|
| 082 |
0 |
0 |
|a 610/.71/173
|2 20
|
| 245 |
0 |
0 |
|a Building partnerships :
|b educating health professionals for the communities they serve /
|c Ronald W. Richards, editor ; foreword by William C. Richardson.
|
| 250 |
|
|
|a 1st ed.
|
| 260 |
|
|
|a San Francisco :
|b Jossey-Bass Publishers,
|c c1996.
|
| 300 |
|
|
|a xxiv, 216 p. :
|b ill. ;
|c 24 cm.
|
| 504 |
|
|
|a Includes bibliographical references (p. 205-209) and index.
|
| 541 |
1 |
|
|e 00007713
|
| 650 |
|
0 |
|a Medical education policy
|z United States.
|
| 650 |
|
0 |
|a Primary care (Medicine)
|x Study and teaching
|z United States.
|
| 650 |
|
0 |
|a Community health services
|x Study and teaching
|z United States.
|
| 700 |
1 |
|
|a Richards, R.
|q (Ronald)
|
| 852 |
4 |
|
|a Ayesha Abed library
|j Generl Shelf
|
| 999 |
|
|
|c 838
|d 838
|
| 952 |
|
|
|0 0
|1 0
|2 ddc
|4 0
|6 610_711730000000000_BUI_1996
|7 0
|9 782
|a BRACUL
|b BRACUL
|c GEN
|d 2009-05-19
|g 0.00
|l 0
|o 610.71173 BUI
|p 3010007713
|r 2009-05-19
|t 1
|w 2009-05-19
|y BK
|x No price found in the accession register.
|